[Event "American Cup Champ (Women)"]
[Site "Saint Louis"]
[Date "2024.03.15"]
[Round "2.4"]
[White "Krush, Irina"]
[Black "Paikidze, Nazi"]
[Result "1-0"]
[WhiteElo "2421"]
[BlackElo "2319"]
[PlyCount "63"]
[EventDate "2024.03.12"]
[EventType "k.o."]
[EventRounds "3"]
[EventCountry "USA"]
[SourceTitle "CB12_2024"]
[SourceDate "2023.10.01"]
[SourceVersion "1"]
[SourceVersionDate "2023.10.01"]
[SourceQuality "1"]

1. d4 g6 2. c4 Bg7 3. e4 d6 4. Nc3 Nd7 5. Nf3 c5 6. d5 Ngf6 7. Be2 a6 8. a4 0-0 9. 0-0 Ne8 10. Bf4 Ne5 11. Nxe5 dxe5 12. Be3 Qc7 13. a5 Bd7 14. Qc2 Nd6 15. Rfb1 f5 16. f3 fxe4 17. Nxe4 Bf5 18. b4 cxb4 19. c5 Bxe4 20. fxe4 Nb5 21. Bxb5 axb5 22. Qa2 Qd7 23. Rxb4 Kh8 24. Qe2 Ra6 25. Rxb5 Rfa8 26. Rab1 Rxa5 27. Rxb7 Qe8 28. c6 Ra1 29. Qd1 Rxb1 30. Qxb1 e6 31. c7 Rc8 32. Rb8 1-0

[Event "American Cup Champ (Women)"]
[Site "Saint Louis"]
[Date "2024.03.15"]
[Round "2.3"]
[White "Paikidze, Nazi"]
[Black "Krush, Irina"]
[Result "1-0"]
[WhiteElo "2319"]
[BlackElo "2421"]
[PlyCount "87"]
[EventDate "2024.03.12"]
[EventType "k.o."]
[EventRounds "3"]
[EventCountry "USA"]
[SourceTitle "CB12_2024"]
[SourceDate "2023.10.01"]
[SourceVersion "1"]
[SourceVersionDate "2023.10.01"]
[SourceQuality "1"]

1. e4 c5 2. Nc3 e6 3. g3 Nc6 4. Bg2 g6 5. d3 Bg7 6. Be3 d6 7. Qd2 Qd7 8. 0-0-0 Rb8 9. f4 Nge7 10. g4 b5 11. f5 Nd4 12. Nce2 Nec6 13. Nxd4 Nxd4 14. c3 Nc6 15. Nf3 b4 16. c4 Nd4 17. Bxd4 cxd4 18. Kb1 0-0 19. h4 Qe7 20. Rde1 e5 21. g5 gxf5 22. exf5 Bxf5 23. Nxd4 Bd7 24. h5 h6 25. gxh6 Bf6 26. Bh3 Kh7 27. Qf2 Bg5 28. Bf5+ Kh8 29. Bxd7 Qxd7 30. Qf5 Qxf5 31. Nxf5 Rb6 32. Rhg1 f6 33. d4 b3 34. axb3 Rxb3 35. Nxd6 Bxh6 36. d5 Kh7 37. c5 Rfb8 38. Rg2 Bf8 39. Ne4 Bg7 40. c6 f5 41. Ng5+ Kh6 42. Ne6 Bh8 43. c7 Rc8 44. Rh1 1-0

[Event "Wch Blitz (Women)"]
[Site "Samarkand"]
[Date "2023.12.30"]
[Round "16"]
[White "Krush, Irina"]
[Black "Ovezdurdiyeva, Jemal"]
[Result "0-1"]
[WhiteElo "2430"]
[BlackElo "2057"]
[PlyCount "76"]
[EventDate "2023.12.29"]
[EventType "swiss (blitz)"]
[EventRounds "17"]
[EventCountry "UZB"]
[SourceTitle "CB01_2024"]
[SourceDate "2024.01.03"]
[SourceVersion "1"]
[SourceVersionDate "2024.01.03"]
[SourceQuality "1"]

1. d4 Nf6 2. c4 g6 3. Nc3 Bg7 4. e4 d6 5. Be2 Nbd7 6. Nf3 0-0 7. 0-0 e5 8. Be3 a5 9. d5 Nc5 10. Nd2 Ne8 11. Nb3 b6 12. Nxc5 dxc5 13. Nb5 Bd7 14. Qd2 Bxb5 15. cxb5 Nd6 16. f3 a4 17. b4 axb3 18. axb3 Qd7 19. b4 c4 20. Qc3 Qxb5 21. Rfc1 Rxa1 22. Rxa1 f5 23. Rc1 fxe4 24. fxe4 Qd7 25. Bxc4 Nxe4 26. Qb3 Nd6 27. Be2 e4 28. Qc2 Rf7 29. Qc6 Qxc6 30. Rxc6 Nf5 31. Bf2 e3 32. Be1 Nd4 33. Bc4 e2 34. d6 Nxc6 35. dxc7 Bd4+ 36. Kh1 Ne7 37. h3 Be5 38. Bxf7+ Kxf7 0-1

[Event "Wch Blitz (Women)"]
[Site "Samarkand"]
[Date "2023.12.30"]
[Round "11"]
[White "Krush, Irina"]
[Black "Pourkashiyan, Atousa"]
[Result "0-1"]
[WhiteElo "2430"]
[BlackElo "2259"]
[PlyCount "104"]
[EventDate "2023.12.29"]
[EventType "swiss (blitz)"]
[EventRounds "17"]
[EventCountry "UZB"]
[SourceTitle "CB01_2024"]
[SourceDate "2024.01.03"]
[SourceVersion "1"]
[SourceVersionDate "2024.01.03"]
[SourceQuality "1"]

1. d4 Nf6 2. c4 e6 3. Nc3 Bb4 4. e3 0-0 5. Bd2 c5 6. a3 Bxc3 7. Bxc3 Ne4 8. Ne2 b6 9. d5 Ba6 10. b3 b5 11. Qc2 Nxc3 12. Nxc3 bxc4 13. Bxc4 Bxc4 14. bxc4 exd5 15. Nxd5 Qa5+ 16. Qd2 Nc6 17. Ne7+ Kh8 18. Nxc6 Qxd2+ 19. Kxd2 dxc6 20. Rab1 Rab8 21. Kc2 Rb6 22. Rhd1 Rfb8 23. Rxb6 axb6 24. Rd7 Kg8 25. Rc7 Kf8 26. Rxc6 Ke7 27. Rc7+ Ke6 28. Ra7 h5 29. h4 g6 30. g3 f6 31. Rg7 Kf5 32. f3 Ra8 33. Kb2 Rd8 34. Kc2 Ra8 35. e4+ Ke5 36. Kb2 Rd8 37. Rxg6 Rd2+ 38. Kb3 Rd3+ 39. Ka4 Rxf3 40. Rh6 Kxe4 41. Rxh5 Rxg3 42. Rh8 f5 43. Kb5 Rb3+ 44. Kc6 f4 45. Re8+ Kd3 46. Rf8 Ke3 47. a4 f3 48. h5 Rb1 49. h6 Rh1 50. Rf6 f2 51. Re6+ Kd4 52. Rf6 Rxh6 0-1

[Event "Wch Blitz (Women)"]
[Site "Samarkand"]
[Date "2023.12.30"]
[Round "10"]
[White "Voit, Daria"]
[Black "Krush, Irina"]
[Result "0-1"]
[WhiteElo "2343"]
[BlackElo "2430"]
[PlyCount "74"]
[EventDate "2023.12.29"]
[EventType "swiss (blitz)"]
[EventRounds "17"]
[EventCountry "UZB"]
[SourceTitle "CB01_2024"]
[SourceDate "2024.01.03"]
[SourceVersion "1"]
[SourceVersionDate "2024.01.03"]
[SourceQuality "1"]

1. d4 d5 2. c4 dxc4 3. Nf3 a6 4. e3 Bg4 5. h3 Bh5 6. Bxc4 e6 7. Nc3 Nc6 8. 0-0 Nf6 9. Qc2 Bd6 10. Be2 0-0 11. Rd1 Qe7 12. a3 e5 13. d5 Nb8 14. e4 Nbd7 15. b4 Rac8 16. Be3 c6 17. Qb3 Bg6 18. Nd2 cxd5 19. Nxd5 Nxd5 20. Qxd5 Nf6 21. Qd3 Rfd8 22. Qb1 Rc3 23. Bb6 Rdc8 24. f3 Nh5 25. Bf2 Nf4 26. Bf1 Qg5 27. Kh2 h5 28. Qb2 Rc2 29. Qb3 R8c3 30. Qa4 Nxh3 31. gxh3 Rxd2 32. Rxd2 Qxd2 33. Kg1 Rxf3 34. Bh4 Bc7 35. Rd1 Bb6+ 36. Kh1 Qe3 37. Bg2 Rxh3+ 0-1

[Event "Wch Blitz (Women)"]
[Site "Samarkand"]
[Date "2023.12.29"]
[Round "5"]
[White "Krush, Irina"]
[Black "Druzhinina, Olga"]
[Result "1-0"]
[WhiteElo "2430"]
[BlackElo "2245"]
[PlyCount "97"]
[EventDate "2023.12.29"]
[EventType "swiss (blitz)"]
[EventRounds "17"]
[EventCountry "UZB"]
[SourceTitle "CB01_2024"]
[SourceDate "2024.01.03"]
[SourceVersion "1"]
[SourceVersionDate "2024.01.03"]
[SourceQuality "1"]

1. d4 Nf6 2. c4 g6 3. Nc3 d5 4. cxd5 Nxd5 5. e4 Nxc3 6. bxc3 Bg7 7. Qa4+ c6 8. Nf3 0-0 9. Qa3 a5 10. Be2 Na6 11. 0-0 h6 12. h3 Be6 13. Be3 Qd6 14. Qxa5 b5 15. e5 Qd7 16. Qa3 Nc7 17. Qb2 Nd5 18. Nd2 h5 19. Ne4 Bf5 20. Nc5 Qc8 21. c4 bxc4 22. Bxc4 e6 23. a4 Rd8 24. Bg5 f6 25. exf6 Bxf6 26. Bxf6 Nxf6 27. Rfe1 Nd5 28. a5 Kh7 29. a6 Ra7 30. Qe2 Re8 31. Qe5 Ree7 32. Ra2 Qf8 33. Rb2 g5 34. Rb7 g4 35. hxg4 hxg4 36. Rxa7 Rxa7 37. Nxe6 Bxe6 38. Qh5+ Qh6 39. Qxh6+ Kxh6 40. Rxe6+ Kg5 41. Rxc6 Nb4 42. Rb6 Nc2 43. d5 Nd4 44. d6 Kf5 45. Rb7 Ra8 46. d7 Nc6 47. Bb5 Nd8 48. Rc7 Ke6 49. Rc8 1-0

[Event "Wch Blitz (Women)"]
[Site "Samarkand"]
[Date "2023.12.29"]
[Round "3"]
[White "Krush, Irina"]
[Black "Kurmangaliyeva, Liya"]
[Result "1-0"]
[WhiteElo "2430"]
[BlackElo "2261"]
[PlyCount "133"]
[EventDate "2023.12.29"]
[EventType "swiss (blitz)"]
[EventRounds "17"]
[EventCountry "UZB"]
[SourceTitle "CB01_2024"]
[SourceDate "2024.01.03"]
[SourceVersion "1"]
[SourceVersionDate "2024.01.03"]
[SourceQuality "1"]

1. d4 d5 2. c4 e6 3. Nc3 Nf6 4. cxd5 exd5 5. Bg5 Be7 6. e3 h6 7. Bh4 Bg4 8. f3 Be6 9. Bd3 0-0 10. Nge2 c5 11. 0-0 Nc6 12. Bf2 Rc8 13. Qd2 a6 14. Rad1 b5 15. dxc5 Bxc5 16. Nd4 Qb6 17. Nxc6 Rxc6 18. Ne2 Re8 19. Nd4 Rc7 20. Bb1 Rce7 21. Qd3 g6 22. Nb3 Bd6 23. Nd4 Bc5 24. Rc1 Nd7 25. Bg3 Bxd4 26. Qxd4 Qxd4 27. exd4 Nb6 28. Bd6 Rd7 29. Be5 Nc4 30. b3 Nxe5 31. dxe5 d4 32. Bd3 Bd5 33. Rfe1 Rde7 34. f4 f6 35. Rc5 Bf7 36. Kf2 fxe5 37. Rexe5 Rxe5 38. fxe5 Kg7 39. Be4 Rd8 40. Ke2 Be6 41. Kd3 Rd7 42. Rc6 Kf7 43. Bxg6+ Kxg6 44. Rxe6+ Kf5 45. Rxh6 Kxe5 46. Rxa6 Rg7 47. g3 Rh7 48. Ra5 Rxh2 49. Rxb5+ Kd6 50. a4 Rg2 51. Kxd4 Rxg3 52. Kc4 Rg4+ 53. Kc3 Kc6 54. Rb4 Rg3+ 55. Kb2 Kc5 56. Ka3 Rg1 57. Rb5+ Kc6 58. Rb8 Ra1+ 59. Kb4 Rf1 60. Rh8 Kb6 61. Rh6+ Ka7 62. a5 Rf4+ 63. Kb5 Rf5+ 64. Ka4 Rf1 65. b4 Rf5 66. Rh7+ Ka6 67. b5+ 1-0

[Event "Wch Blitz (Women)"]
[Site "Samarkand"]
[Date "2023.12.29"]
[Round "4"]
[White "Munkhzul, Turmunkh"]
[Black "Krush, Irina"]
[Result "1-0"]
[WhiteElo "2258"]
[BlackElo "2430"]
[PlyCount "94"]
[EventDate "2023.12.29"]
[EventType "swiss (blitz)"]
[EventRounds "17"]
[EventCountry "UZB"]
[SourceTitle "CB01_2024"]
[SourceDate "2024.01.03"]
[SourceVersion "1"]
[SourceVersionDate "2024.01.03"]
[SourceQuality "1"]

1. e4 c5 2. Nf3 d6 3. d4 cxd4 4. Nxd4 Nf6 5. Nc3 Nc6 6. Bg5 e6 7. Qd2 a6 8. 0-0-0 Bd7 9. f4 Be7 10. Nf3 b5 11. e5 b4 12. exf6 bxc3 13. Qxc3 gxf6 14. Bh4 d5 15. Kb1 Rg8 16. Bd3 h5 17. h3 Nb4 18. g4 Rc8 19. Qd2 Nxd3 20. Qxd3 hxg4 21. Qh7 Rg6 22. Ne5 fxe5 23. Qh8+ Bf8 24. Bxd8 Rxd8 25. f5 Rh6 26. Qxe5 gxh3 27. f6 Bb5 28. Qc3 Be2 29. Rd2 Bg4 30. Qc6+ Rd7 31. Rf2 Bd6 32. a3 h2 33. Rg2 Rh4 34. Ka2 Kd8 35. Qa8+ Kc7 36. Qa7+ Kc8 37. Qxa6+ Kb8 38. Qb5+ Kc8 39. Qc6+ Kd8 40. Qb6+ Kc8 41. Qa6+ Kb8 42. Qa4 Bf3 43. Rg8+ Kc7 44. Qa7+ Kc6 45. Rc8+ Bc7 46. Qa6+ Kc5 47. b4+ Kd4 1-0

[Event "Wch Rapid (Women)"]
[Site "Samarkand"]
[Date "2023.12.26"]
[Round "4"]
[White "Krush, Irina"]
[Black "Shukhman, Anna"]
[Result "0-1"]
[WhiteElo "2430"]
[BlackElo "2213"]
[PlyCount "108"]
[EventDate "2023.12.26"]
[EventType "swiss (rapid)"]
[EventRounds "11"]
[EventCountry "UZB"]
[SourceTitle "CB01_2024"]
[SourceDate "2024.01.03"]
[SourceVersion "1"]
[SourceVersionDate "2024.01.03"]
[SourceQuality "1"]

1. d4 f5 2. Nf3 Nf6 3. g3 g6 4. Bg2 Bg7 5. 0-0 0-0 6. c4 d6 7. Nc3 c6 8. Qd3 Nbd7 9. e4 fxe4 10. Nxe4 Nxe4 11. Qxe4 e5 12. Bg5 Qe8 13. Rae1 Qf7 14. dxe5 Nxe5 15. Nxe5 Bxe5 16. Qe2 Be6 17. b3 Rae8 18. Qd2 Qc7 19. Bh6 Bg7 20. Bxg7 Kxg7 21. Rd1 Rd8 22. Qd4+ Kg8 23. Qxa7 Bg4 24. Rd2 Qd7 25. Qd4 Rfe8 26. f3 Bh3 27. Rfd1 Bxg2 28. Kxg2 Qf5 29. Qf2 Re6 30. Re2 Rde8 31. Rde1 Kf7 32. Rxe6 Rxe6 33. Re4 Kg8 34. Qe3 Rxe4 35. Qxe4 Qa5 36. Qe2 Kf7 37. Qb2 Qf5 38. Qd2 Qb1 39. b4 Ke7 40. a4 Qb3 41. c5 dxc5 42. bxc5 Qxa4 43. Qd6+ Kf7 44. Qd7+ Kf6 45. Qd6+ Kf7 46. Kh3 Qc2 47. g4 Qf2 48. Qd7+ Kf6 49. Qd6+ Kf7 50. Qd7+ Kf6 51. Qd6+ Kf7 52. f4 Qf3+ 53. Kh4 Qf2+ 54. Kg5 h6+ 0-1

[Event "Wch Rapid (Women)"]
[Site "Samarkand"]
[Date "2023.12.26"]
[Round "3"]
[White "Mamedjarova, Turkan"]
[Black "Krush, Irina"]
[Result "1-0"]
[WhiteElo "2226"]
[BlackElo "2430"]
[PlyCount "75"]
[EventDate "2023.12.26"]
[EventType "swiss (rapid)"]
[EventRounds "11"]
[EventCountry "UZB"]
[SourceTitle "CB01_2024"]
[SourceDate "2024.01.03"]
[SourceVersion "1"]
[SourceVersionDate "2024.01.03"]
[SourceQuality "1"]

1. d4 d5 2. c4 dxc4 3. e3 e5 4. Bxc4 Nc6 5. d5 Na5 6. Be2 c6 7. e4 Nf6 8. Nc3 Bb4 9. Bg5 0-0 10. Nf3 cxd5 11. Bxf6 Qxf6 12. Qxd5 Nc6 13. 0-0 Bg4 14. a3 Ba5 15. Qd3 Bxc3 16. bxc3 Rac8 17. Rab1 b6 18. h3 Be6 19. Rfd1 Qe7 20. a4 f6 21. Nd2 Rfd8 22. Qe3 Na5 23. Ba6 Rc6 24. Nf1 Rcd6 25. Rxd6 Qxd6 26. Rb2 Qa3 27. Rd2 Rxd2 28. Qxd2 Qxa4 29. Qd8+ Kf7 30. Bc8 Qc6 31. Bxe6+ Qxe6 32. Ne3 Nc6 33. Qc7+ Ne7 34. Nf5 g6 35. Nd6+ Kg7 36. Ne8+ Kf8 37. Nd6 Kg7 38. Nc8 1-0

[Event "Edward Lasker Memorial 107th"]
[Site "New York"]
[Date "2023.12.09"]
[Round "3"]
[White "Krush, Irina"]
[Black "Bonin, Jay R"]
[Result "1-0"]
[WhiteElo "2430"]
[BlackElo "2175"]
[PlyCount "91"]
[EventDate "2023.12.07"]
[EventType "swiss"]
[EventRounds "6"]
[EventCountry "USA"]
[SourceTitle "CB50_2023"]
[SourceDate "2023.12.13"]
[SourceVersion "1"]
[SourceVersionDate "2023.12.13"]
[SourceQuality "1"]

1. d4 d5 2. c4 c6 3. Nf3 Nf6 4. Nc3 a6 5. c5 Nbd7 6. Bf4 Nh5 7. Bd2 g6 8. e4 dxe4 9. Nxe4 Bg7 10. Bc4 0-0 11. 0-0 Ndf6 12. Nxf6+ Nxf6 13. h3 Bf5 14. Bf4 Be4 15. Be5 Bd5 16. b3 Qd7 17. Qe2 Rad8 18. Rad1 Rfe8 19. Nd2 Nh5 20. Rfe1 Bh6 21. Ne4 Nf4 22. Qe3 Bxe4 23. Qxe4 Nd5 24. g4 e6 25. Qf3 Bg7 26. Bd6 Bf8 27. Bg3 Be7 28. h4 h6 29. h5 gxh5 30. gxh5 Bg5 31. Kh1 f6 32. Re2 Kh8 33. Rde1 e5 34. Re4 Qh3+ 35. Kg1 Rg8 36. Bf1 Qc8 37. Kh2 Rdf8 38. Bh3 Qd8 39. Bf5 Bf4 40. Bg6 f5 41. Rxe5 Qh4+ 42. Kg2 Bxg3 43. fxg3 Qxd4 44. Bxf5 Nf4+ 45. Kh1 Nd3 46. Qxd3 1-0

[Event "Edward Lasker Memorial 107th"]
[Site "New York"]
[Date "2023.12.09"]
[Round "4"]
[White "Xu, Grant"]
[Black "Krush, Irina"]
[Result "1-0"]
[WhiteElo "2285"]
[BlackElo "2430"]
[PlyCount "117"]
[EventDate "2023.12.07"]
[EventType "swiss"]
[EventRounds "6"]
[EventCountry "USA"]
[SourceTitle "CB50_2023"]
[SourceDate "2023.12.13"]
[SourceVersion "1"]
[SourceVersionDate "2023.12.13"]
[SourceQuality "1"]

1. e4 c5 2. c3 d5 3. exd5 Qxd5 4. d4 Nf6 5. Nf3 Bg4 6. Nbd2 Nc6 7. Bc4 Bxf3 8. Qa4 Qd7 9. Nxf3 cxd4 10. 0-0 Rc8 11. Rd1 e6 12. Bg5 Be7 13. Be2 h6 14. Be3 dxe3 15. Rxd7 exf2+ 16. Kxf2 Nxd7 17. Bb5 0-0 18. Bxc6 Rxc6 19. Nd4 Bc5 20. Ke2 Rd6 21. Nb3 Rd8 22. Qh4 Bb6 23. Rd1 Rxd1 24. Kxd1 Nc5+ 25. Kc2 Nxb3 26. Kxb3 Rd7 27. Qc4 Rc7 28. Qd3 h5 29. a4 g6 30. Qd6 Rc8 31. Qd7 Rc7 32. Qe8+ Kg7 33. Qb5 Re7 34. a5 Bg1 35. Qe5+ f6 36. Qd6 Kf7 37. h3 a6 38. Kc2 h4 39. c4 e5 40. Kd3 f5 41. Ke2 Bd4 42. b4 Bc3 43. Qd5+ Kg7 44. b5 axb5 45. Qd8 Kf7 46. cxb5 Bd4 47. b6 Bg1 48. a6 Bxb6 49. Qd5+ Kg7 50. Qd6 Kf7 51. axb7 Bc7 52. Qxc7 Rxc7 53. b8Q Rd7 54. Kf2 Rd2+ 55. Kf1 Rd1+ 56. Kf2 Rd2+ 57. Kg1 Rd1+ 58. Kh2 e4 59. Qb3+ 1-0

[Event "New York Karff Memorial op"]
[Site "New York"]
[Date "2023.11.18"]
[Round "2"]
[White "Gaw, Chloe"]
[Black "Krush, Irina"]
[Result "0-1"]
[WhiteElo "1863"]
[BlackElo "2428"]
[PlyCount "66"]
[EventDate "2023.11.17"]
[EventType "swiss"]
[EventRounds "5"]
[EventCountry "USA"]
[SourceTitle "CB47_2023"]
[SourceDate "2023.11.22"]
[SourceVersion "1"]
[SourceVersionDate "2023.11.22"]
[SourceQuality "1"]

1. d4 Nf6 2. c4 e6 3. Nc3 Bb4 4. e3 0-0 5. Bd3 d5 6. a3 Be7 7. Nf3 b6 8. cxd5 exd5 9. 0-0 c5 10. b3 Bb7 11. Bb2 Nbd7 12. Rc1 Bd6 13. Qc2 a6 14. Rfd1 Qe7 15. Na4 c4 16. Bf5 b5 17. Nc5 Nxc5 18. dxc5 Bxc5 19. Ng5 g6 20. b4 Bb6 21. Bh3 Rad8 22. Qc3 d4 23. exd4 Nd5 24. Qg3 Rfe8 25. Qh4 h5 26. Kh1 Bc7 27. Nf3 Qxh4 28. Nxh4 Nf4 29. d5 Bxd5 30. f3 Nd3 31. Rc2 Nxb2 32. Rxb2 c3 33. Rf2 Bb3 0-1

[Event "USA-ch (Women)"]
[Site "Saint Louis"]
[Date "2023.10.12"]
[Round "7"]
[White "Krush, Irina"]
[Black "Eswaran, Ashritha"]
[Result "1/2-1/2"]
[WhiteElo "2437"]
[BlackElo "2273"]
[PlyCount "225"]
[EventDate "2023.10.05"]
[EventType "tourn"]
[EventRounds "11"]
[EventCountry "USA"]
[EventCategory "3"]
[SourceTitle "EXT 2024"]
[Source "ChessBase"]
[SourceDate "2023.10.10"]
[SourceVersion "1"]
[SourceVersionDate "2023.10.10"]
[SourceQuality "1"]

1. d4 Nf6 2. c4 g6 3. Nc3 Bg7 4. e4 d6 5. Be2 0-0 6. Nf3 e5 7. d5 a5 8. Bg5 h6 9. Bh4 Na6 10. Nd2 Qe8 11. a3 Bd7 12. b3 Nh7 13. f3 f5 14. Bf2 Qe7 15. 0-0 Bf6 16. Qc2 Bh4 17. g3 Bf6 18. exf5 gxf5 19. Kg2 Kh8 20. Rae1 Qg7 21. Nb5 Ng5 22. Rg1 Rae8 23. c5 e4 24. c6 bxc6 25. dxc6 Bc8 26. Bc4 exf3+ 27. Nxf3 f4 28. Nxg5 Qxg5 29. Rxe8 Rxe8 30. Re1 Rf8 31. Qe4 fxg3 32. hxg3 Be5 33. Qe3 Qg7 34. Rh1 Kh7 35. Be1 Bg4 36. Bd3+ Bf5 37. Bd2 Bf4 38. Bxf5+ Rxf5 39. Qd3 Qe5 40. Bxf4 Qxb5 41. Rxh6+ Kg8 42. Qc3 Qd5+ 43. Kf1 Qe5 44. Qc4+ Kg7 45. Re6 Qb5 46. Re4 Rc5 47. Qe2 Qxe2+ 48. Kxe2 Rxc6 49. Kf3 Rb6 50. Kg4 Rxb3 51. Kh5 Kf7 52. Ra4 Rb5+ 53. Kh6 Nc5 54. Rc4 Rb3 55. a4 Ra3 56. Rc1 Ne6 57. Rf1 Nxf4 58. Rxf4+ Ke6 59. g4 d5 60. g5 Rh3+ 61. Kg7 Rg3 62. g6 c5 63. Rf6+ Ke5 64. Ra6 c4 65. Rxa5 c3 66. Rc5 Kd6 67. Rc8 d4 68. Kf7 Rf3+ 69. Ke8 Re3+ 70. Kf7 d3 71. Rxc3 Rf3+ 72. Kg8 d2 73. Rxf3 d1Q 74. Rf7 Qxa4 75. Kg7 Qd4+ 76. Kg8 Qe5 77. Kh7 Ke6 78. Kg8 Qh5 79. Kg7 Qh4 80. Rf8 Qd4+ 81. Kh7 Ke7 82. Rf7+ Ke8 83. Kg8 Qd6 84. Kg7 Qd4+ 85. Kg8 Qc4 86. Kg7 Qh4 87. Kg8 Qh6 88. Rf6 Ke7 89. Rf7+ Ke6 90. g7 Qh4 91. Rf8 Qh5 92. Rf1 Ke7 93. Rf8 Qh1 94. Rf2 Qd5+ 95. Kh7 Qe4+ 96. Kg8 Qc4+ 97. Kh7 Qh4+ 98. Kg6 Qg3+ 99. Kh7 Qd3+ 100. Kh8 Qh3+ 101. Kg8 Ke6 102. Rf8 Qh4 103. Rf7 Qc4 104. Rf8 Ke5+ 105. Kh7 Qh4+ 106. Kg6 Qg4+ 107. Kh6 Qh3+ 108. Kg6 Qg4+ 109. Kh6 Qh4+ 110. Kg6 Qg4+ 111. Kh6 Qh4+ 112. Kg6 Qg4+ 113. Kh6 1/2-1/2

[Event "Tata Steel India blitz (Women)"]
[Site "Kolkata"]
[Date "2023.09.04"]
[Round "11"]
[White "Koneru, Humpy"]
[Black "Krush, Irina"]
[Result "0-1"]
[WhiteElo "2553"]
[BlackElo "2447"]
[PlyCount "64"]
[EventDate "2023.09.03"]
[EventType "tourn (blitz)"]
[EventRounds "18"]
[EventCountry "IND"]
[EventCategory "9"]
[SourceTitle "EXT 2024"]
[Source "ChessBase"]
[SourceDate "2023.10.10"]
[SourceVersion "1"]
[SourceVersionDate "2023.10.10"]
[SourceQuality "1"]

1. Nf3 c5 2. g3 Nc6 3. d4 cxd4 4. Nxd4 g6 5. Bg2 Bg7 6. Nxc6 bxc6 7. c4 Qa5+ 8. Nd2 Nf6 9. 0-0 0-0 10. Nb3 Qa4 11. c5 a5 12. Bd2 Qb5 13. a4 Qc4 14. Nxa5 Qxc5 15. b4 Qb6 16. Nc4 Qc7 17. Bf4 d6 18. Rc1 Bb7 19. b5 c5 20. Nxd6 Bxg2 21. Ne4 Qb7 22. Nxc5 Qd5 23. Qxd5 Bxd5 24. b6 Rad8 25. a5 Ne4 26. Nxe4 Bxe4 27. a6 Bd4 28. b7 Ba7 29. Bc7 Rd7 30. Rfd1 Rxd1+ 31. Rxd1 e6 32. Rb1 Bxb1 0-1

[Event "Tata Steel India blitz (Women)"]
[Site "Kolkata"]
[Date "2023.09.03"]
[Round "6"]
[White "Shuvalova, Polina"]
[Black "Krush, Irina"]
[Result "1-0"]
[WhiteElo "2496"]
[BlackElo "2447"]
[PlyCount "84"]
[EventDate "2023.09.03"]
[EventType "tourn (blitz)"]
[EventRounds "18"]
[EventCountry "IND"]
[EventCategory "9"]
[SourceTitle "EXT 2024"]
[Source "ChessBase"]
[SourceDate "2023.10.10"]
[SourceVersion "1"]
[SourceVersionDate "2023.10.10"]
[SourceQuality "1"]

1. e4 c5 2. Nf3 e6 3. d4 cxd4 4. Nxd4 a6 5. Bd3 Bc5 6. Nb3 Ba7 7. Qe2 Ne7 8. Be3 0-0 9. c4 Bxe3 10. Qxe3 d5 11. 0-0 Nbc6 12. N1d2 d4 13. Qe2 e5 14. c5 Be6 15. Nc4 Qc7 16. a3 a5 17. Rac1 h6 18. Nbd2 Rad8 19. g3 Bh3 20. Rfe1 Nc8 21. Kh1 Qe7 22. g4 Qh4 23. Rg1 N8e7 24. Nd6 Ng6 25. Nf5 Qf6 26. Qf3 Nf4 27. Rg3 g6 28. Nd6 Qh4 29. Rcg1 Rd7 30. Bb5 Kg7 31. N2c4 Re7 32. Nxb7 Na7 33. Ba6 Rb8 34. Nbxa5 Nb5 35. Nc6 Rbe8 36. Nxe7 Rxe7 37. Bxb5 d3 38. Nxe5 Rxe5 39. Qxf4 Rxc5 40. Bxd3 Rc8 41. Qe3 Rd8 42. Rxh3 h5 1-0

[Event "Global Chess League"]
[Site "Dubai"]
[Date "2023.06.30"]
[Round "9.4"]
[White "Krush, Irina"]
[Black "Kosteniuk, Alexandra"]
[Result "1/2-1/2"]
[WhiteElo "2436"]
[BlackElo "2523"]
[PlyCount "107"]
[EventDate "2023.06.22"]
[EventType "team-tourn (rapid)"]
[EventRounds "10"]
[EventCountry "UAE"]
[SourceTitle "CBM 215 Extra"]
[Source "ChessBase"]
[SourceDate "2023.09.30"]
[SourceVersion "1"]
[SourceVersionDate "2023.09.30"]
[SourceQuality "1"]
[WhiteTeam "SG Alpine Warriors"]
[BlackTeam "Chingari Gulf Titans"]
[WhiteTeamCountry "IND"]
[BlackTeamCountry "IND"]

1. d4 Nf6 2. c4 e6 3. Nc3 Bb4 4. e3 b6 5. Nge2 Ne4 6. Bd2 Nxd2 7. Qxd2 0-0 8. a3 Be7 9. g3 c6 10. d5 Ba6 11. Nd4 g6 12. Be2 Bb7 13. 0-0 cxd5 14. cxd5 Na6 15. b4 Nc7 16. Bf3 Qb8 17. Rab1 e5 18. Nc2 Ne8 19. Be2 Nd6 20. b5 f5 21. Nb4 Qe8 22. Rbc1 Rc8 23. Bd3 Qf7 24. Ne2 Rc5 25. Nc3 e4 26. Be2 Nc4 27. Bxc4 Rxc4 28. d6 Bd8 29. Ncd5 Rc5 30. Nc7 Bxc7 31. dxc7 Rc8 32. Qd6 Qe6 33. Qf4 Rxb5 34. h4 Rc5 35. h5 Qf6 36. Qh6 R8xc7 37. Rcd1 d5 38. Kg2 a5 39. Na2 Rc2 40. Nc1 Rf7 41. hxg6 Qxg6 42. Qf4 Qg4 43. Qb8+ Rc8 44. Qe5 f4 45. exf4 e3 46. fxe3 Rc2+ 47. Rf2 d4+ 48. e4 Rxf2+ 49. Kxf2 Qxd1 50. Qg5+ Kf8 51. Qd8+ Kg7 52. Qg5+ Kh8 53. Qd8+ Kg7 54. Qg5+ 1/2-1/2

[Event "Global Chess League"]
[Site "Dubai"]
[Date "2023.06.25"]
[Round "5.4"]
[White "Koneru, Humpy"]
[Black "Krush, Irina"]
[Result "1/2-1/2"]
[WhiteElo "2567"]
[BlackElo "2436"]
[PlyCount "101"]
[EventDate "2023.06.22"]
[EventType "team-tourn (rapid)"]
[EventRounds "10"]
[EventCountry "UAE"]
[SourceTitle "CBM 215 Extra"]
[Source "ChessBase"]
[SourceDate "2023.09.30"]
[SourceVersion "1"]
[SourceVersionDate "2023.09.30"]
[SourceQuality "1"]
[WhiteTeam "Upgrad Mumba Masters"]
[BlackTeam "SG Alpine Warriors"]
[WhiteTeamCountry "IND"]
[BlackTeamCountry "IND"]

1. d4 d5 2. c4 e6 3. Nf3 Nf6 4. Nc3 h6 5. e3 a6 6. b3 c5 7. Bb2 cxd4 8. exd4 b6 9. Bd3 Bb7 10. 0-0 Be7 11. Qe2 0-0 12. Rad1 Nc6 13. Rfe1 Re8 14. h3 Bf8 15. Bb1 Rc8 16. Ne5 Na5 17. Bd3 dxc4 18. bxc4 Qc7 19. f4 Nd7 20. Nxd7 Qxd7 21. Ne4 Qc7 22. d5 Nxc4 23. Nf6+ gxf6 24. Qg4+ Bg7 25. Bxf6 Qc5+ 26. Kh2 Qf8 27. dxe6 fxe6 28. Bxg7 Qxg7 29. Qxg7+ Kxg7 30. Bxc4 Rxc4 31. Rd7+ Kf6 32. Rxb7 b5 33. Rb6 Rxf4 34. Rxa6 Rf2 35. Kg1 Rc2 36. a3 Ra2 37. Rb6 Rxa3 38. Rxb5 Ra6 39. Re3 e5 40. Kf2 Kf5 41. g4+ Kf6 42. Kf3 Rc6 43. Kg3 Rce6 44. Ra5 Kg6 45. Re4 Kg5 46. h4+ Kg6 47. Rb5 R8e7 48. Ra5 Re8 49. Rb5 R8e7 50. Ra5 Re8 51. Rb5 1/2-1/2